| Tag |
First Indicator |
Second Indicator |
Subfields |
| LEADER |
00000cam a2200000 a 4500 |
| 001 |
in00000010525 |
| 005 |
20151007051403.0 |
| 008 |
861211s1987 mauaf b 00110 eng |
| 010 |
|
|
|a 86032163
|
| 020 |
|
|
|a 0043321429 (alk. paper)
|
| 035 |
|
|
|a (OCoLC)15054988
|
| 035 |
|
|
|9 AAA2737AM
|
| 040 |
|
|
|a DLC
|c DLC
|d TXA
|d UtOrBLW
|
| 043 |
|
|
|a e------
|a n-us---
|
| 049 |
|
|
|a TXAM
|c [A12629710]
|
| 050 |
0 |
0 |
|a HC240
|b .K454 1987
|
| 082 |
0 |
|
|a 338.91/73/04
|2 19
|
| 100 |
1 |
|
|a Kindleberger, Charles Poor,
|d 1910-2003.
|
| 245 |
1 |
0 |
|a Marshall Plan days /
|c Charles P. Kindleberger.
|
| 264 |
|
1 |
|a Boston :
|b Allen & Unwin,
|c 1987.
|
| 300 |
|
|
|a x, 273 pages, 1 unnumbered leaf of plates :
|b illustrations ;
|c 23 cm.
|
| 336 |
|
|
|a text
|b txt
|2 rdacontent
|
| 337 |
|
|
|a unmediated
|b n
|2 rdamedia
|
| 338 |
|
|
|a volume
|b nc
|2 rdacarrier
|
| 504 |
|
|
|a Includes bibliographies and index.
|
| 610 |
|
0 |
|a Marshall Plan.
|
| 650 |
|
0 |
|a Economic assistance, American
|z Europe
|x History.
|
| 651 |
|
0 |
|a Europe
|x Economic conditions
|y 1945-
|
| 999 |
|
|
|a MARS
|
| 999 |
f |
f |
|s dfc7f2e1-5cef-3e09-ba09-d702edffcf36
|i 5c8cc551-569a-3951-8d7d-914b0e719abd
|t 0
|
| 952 |
f |
f |
|p ric
|a Texas A&M University
|b Rellis Campus
|c Joint Library Facility
|d Remote Storage
|t 0
|e HC240 .K454 1987
|h Library of Congress classification
|i unmediated -- volume
|m A14812629710
|
| 998 |
f |
f |
|a HC240 .K454 1987
|t 0
|l Remote Storage
|